Vplyv napojenia priemyselného parku v dopravnej obsluhe urbanizovaného územia

Enregistré dans:
Détails bibliographiques
Auteur principal: Olahová, Erika (Auteur)
Autres auteurs: Schlosser, Peter (Directeur de thèse)
Format: Manuscrit Livre
Langue:slovaque
Publié: 2025
Sujets:
Accès en ligne:http://is.stuba.sk/zp/portal_zp.pl?podrobnosti=193233
CRZP
Tags: Ajouter un tag
Pas de tags, Soyez le premier à ajouter un tag!

MARC

LEADER 00000ntm a22000003a 4500
001 stuzp105358
003 SK-STU
005 20250909090809.1
007 ta
008 150427s2015----xo-----f-mn---000-0-slo-d
040 |a STU  |b slo 
041 0 |a slo 
100 1 |a Olahová, Erika  |u 010120  |4 aut  |U SvF Stavebná fakulta  |T SvF Katedra dopravných stavieb  |X 98141  |U V120  |Y 12  |7 98141 
242 0 1 |a Impact of the industrial park connection in the transport service of the urbanised area  |y eng 
245 1 0 |a Vplyv napojenia priemyselného parku v dopravnej obsluhe urbanizovaného územia 
260 |c 2025 
650 4 |a industrial park  |2 eng 
650 4 |a road transport  |2 eng 
650 4 |a transportation service  |2 eng 
650 4 |a sustainable mobility  |2 eng 
650 4 |a udržateľná mobilita  |2 slo 
650 4 |a priemyselný park  |2 slo 
650 4 |a cestná doprava  |2 slo 
650 4 |a dopravná obsluha  |2 slo 
700 1 |a Schlosser, Peter  |4 ths  |X 85258  |7 85258 
856 4 |u http://is.stuba.sk/zp/portal_zp.pl?podrobnosti=193233 
856 4 |u https://opac.crzp.sk/?fn=detailBiblioForm&sid=809C367C54749DCAA248ADFF7E5A  |z CRZP